Übungsgramatik für anfanger (Record no. 59999)

MARC details
000 -LÍDER
campo de controle de tamanho fixo 00391 a2200157 4500
001 - NÚMERO DE CONTROLE
campo de controle 59999
020 ## - ISBN - INTERNATIONAL STANDARD BOOK NUMBER
ISBN - International Standard Book Number 9783190074471
040 ## - FONTE DA CATALOGAÇÃO
Instituição que transcreveu o registro Anchieta - Pituba
100 ## - ENTRADA PRINCIPAL--NOME PESSOAL
Nome pessoal Luscher,renate
240 10 - TÍTULO UNIFORME
Título uniforme Übungsgramatik für anfanger
Idioma da obra por
245 10 - TÍTULO
Título Übungsgramatik für anfanger
300 ## - DESCRIÇÃO FÍSICA
Extensão 319
362 0# - DATAS DE PUBLICAÇÃO E/OU DESIGNAÇÃO SEQUENCIAL
Datas de publicação e/ou designação sequencial 2001
650 #4 - ASSUNTO--TERMO TÓPICO
Cabeçalho tópico ou nome geográfico Línguas germânicas (teutônicas) língua alemã
942 ## - ELEMENTOS DE ENTRADA ADICIONADOS (KOHA)
Tipo de material Koha Livros
Holdings
Situação do descarte Situação das perdas Situação física Não pode ser emprestado Biblioteca de origem Biblioteca atual Data de aquisição Total de empréstimos Código de barras Data de último acesso Data do preço efetivo Tipo de material Koha Número de chamada completo
        Colégio Anchieta - Pituba Colégio Anchieta - Pituba 21/11/2023   11511/PIT 21/11/2023 21/11/2023 Livros  
        Colégio Anchieta - Pituba Colégio Anchieta - Pituba 21/11/2023   13365/PIT 21/11/2023 21/11/2023 Livros 430 L968u LUS UEB
        Colégio Anchieta - Pituba Colégio Anchieta - Pituba 21/11/2023   18534/PIT 21/11/2023 21/11/2023 Livros 430 L968u LUS UEB